[Event "8th Chennai Open 2016"]
[Site "Chennai IND"]
[Date "2016.01.21"]
[Round "5.14"]
[White "Swapnil,SD"]
[Black "Murali,Krishnan B T"]
[Result "1-0"]
[WhiteElo "2488"]
[BlackElo "2260"]

1.d4 d5 2.c4 dxc4 3.e4 c5 4.d5 Nf6 5.Nc3 e6 6.Bxc4 exd5 7.Nxd5 Nxd5 8.Bxd5 Be7
9.Ne2 O-O 10.O-O Qb6 11.Be3 Nc6 12.Qd2 Rd8 13.Rfd1 Be6 14.Nc3 Nb4 15.Rac1 Nxd5
16.exd5 Bf5 17.Bg5 Bxg5 18.Qxg5 Qg6 19.Qf4 Rd7 20.d6 Rad8 21.Rd5 Be6 22.Rg5 Qh6
23.Ne4 f5 24.Nxc5 Rxd6 25.h3 Bc8 26.Qc4+ Kh8 27.Rg3 Rc6 28.Re1 Qf6 29.Rge3 Rf8
30.Re8 h6 31.Qb4 Rxe8 32.Rxe8+ Kh7 33.Qc4 Qxb2 34.g3 b6 35.Qg8+ Kg6 36.Nd3 Qb1+
37.Re1 Qb5 38.Ne5+  1-0

[Event "ch-CRO 2016"]
[Site "Porec CRO"]
[Date "2016.01.21"]
[Round "3.5"]
[White "Saric,A"]
[Black "Stevic,H"]
[Result "1/2-1/2"]
[WhiteElo "2600"]
[BlackElo "2600"]

1.d4 d5 2.c4 dxc4 3.e4 Nc6 4.Nf3 Bg4 5.Be3 e6 6.Bxc4 Bxf3 7.gxf3 Qf6 8.Nc3 O-O-O
9.Qa4 Qxf3 10.Rg1 Bb4 11.d5 exd5 12.exd5 Re8 13.dxc6 Rxe3+ 14.fxe3 Bxc3+
15.bxc3 Qxe3+ 16.Kf1 Qf3+ 17.Ke1 Qe3+ 18.Kf1  1/2-1/2

[Event "4NCL 2015-16"]
[Site "Birmingham ENG"]
[Date "2016.01.23"]
[Round "3.112"]
[White "Hawkins,Jo"]
[Black "Shaw,J"]
[Result "1/2-1/2"]
[WhiteElo "2563"]
[BlackElo "2439"]

1.d4 d5 2.c4 dxc4 3.e4 e5 4.Nf3 exd4 5.Bxc4 Nc6 6.O-O Bc5 7.Ng5 Nh6 8.Nxf7 Nxf7
9.Bxf7+ Kxf7 10.Qh5+ g6 11.Qxc5 Qe7 12.Qxe7+ Nxe7 13.Nd2 b6 14.b4 Ba6 15.Rd1 Nc6
16.a3 Rhd8 17.Bb2 Ne5 18.Nb3 Nd3 19.Bxd4 Bc4 20.Nd2 Rxd4 21.Nxc4 Rxc4 22.Rxd3 Rxe4
23.f3 Re7 24.Rc1 Ke8 25.Rdc3 Kd8 26.a4 Kc8 27.f4 Kb7 28.Kf2 Rd8 29.Kf3 Rd4
30.Rc4 Rd3+ 31.Kg4 Rd2 32.R4c2 Rxc2 33.Rxc2 Re4 34.Rb2 h6 35.Kf3 Rc4 36.g4 Kc6
37.h4 h5 38.gxh5 gxh5 39.b5+ Kd5 40.Re2 Rc3+ 41.Kf2 Kd4 42.Re5 Rc5 43.Re7 Rc2+
44.Kf3 Rc3+ 45.Kf2 Rc2+  1/2-1/2

[Event "Kecskemet GM Jan 2016"]
[Site "Kecskemet HUN"]
[Date "2016.01.23"]
[Round "2.2"]
[White "Orosz,Andras"]
[Black "Varga,Zo"]
[Result "1-0"]
[WhiteElo "2271"]
[BlackElo "2445"]

1.d4 d5 2.c4 dxc4 3.e4 Nf6 4.e5 Nd5 5.Bxc4 Nb6 6.Bd3 Nc6 7.Ne2 Bg4 8.f3 Bh5
9.Nbc3 e6 10.Be4 Qd7 11.O-O Bg6 12.Be3 Be7 13.Bf2 Bxe4 14.fxe4 O-O 15.Qc2 Nb4
16.Qb3 Nd3 17.Be3 c5 18.Rad1 c4 19.Qc2 Rac8 20.a3 h6 21.Qd2 Qd8 22.Rf3 Bg5
23.Bxg5 Qxg5 24.b3 Qxd2 25.Rxd2 Rfd8 26.Nb1 Rd7 27.bxc4 Ne1 28.Rc3 Rxc4 29.Kf2 Rxc3
30.Nbxc3 Nc4 31.Kxe1 Nxd2 32.Kxd2 a6 33.Na4 Rc7 34.Kd3 Kf8 35.Nec3 b5 36.Nc5 Rc6
37.Nb3 Ke7 38.Na5 Rc8 39.d5 Kd7 40.Kd4 Kc7 41.Kc5 h5 42.Ne2  1-0

[Event "Moscow Open B 2016"]
[Site "Moscow RUS"]
[Date "2016.01.31"]
[Round "2.47"]
[White "Machlik,Edit"]
[Black "Sayafarova,Anna"]
[Result "0-1"]
[WhiteElo "2053"]
[BlackElo "1861"]

1.d4 d5 2.c4 dxc4 3.e4 Nf6 4.e5 Nd5 5.Bxc4 Nb6 6.Bb3 Bf5 7.Ne2 e6 8.Nbc3 c6
9.O-O Be7 10.Ng3 Bg6 11.f4 Qd7 12.Be3 Na6 13.Qf3 Bd3 14.Rf2 g6 15.Nge4 Bxe4
16.Nxe4 Nd5 17.Rd1 Nxe3 18.Qxe3 Nb4 19.Qf3 Nd5 20.Rc2 O-O 21.a3 Rfd8 22.g4 Kh8
23.Rg2 Rg8 24.g5 Rg7 25.Rg4 Qd8 26.Qh3 h5 27.gxh6 Rh7 28.Ng5 Nxf4 29.Rxf4 Bxg5
30.Rf3 Bxh6 31.Qf1 Qh4 32.Qf2 Qxf2+ 33.Kxf2 Bg5 34.Kg2 Rd8 35.h3 Rd7 36.Rg3 Bd8
37.Rf3 Rh4 38.Rdf1 Kg7 39.Rf4 Rxf4 40.Rxf4 Bb6 41.Rf2 Rxd4 42.Re2 Rd3 43.Bc4 Re3
44.Rd2 Re4 45.Ba2 Rxe5 46.Rd7 Re2+ 47.Kh1 Kf6 48.Rxb7 Rxb2 49.Bc4 Rc2 50.Bb3 Rc3
51.Ba4 Rxh3+ 52.Kg2 Rc3 53.Rd7 c5 54.Rb7 Rxa3 55.Be8 c4 56.Rxf7+ Ke5 57.Rf3 Rxf3
58.Kxf3 g5  0-1

[Event "Gibraltar Masters 2016"]
[Site "Caleta ENG"]
[Date "2016.02.02"]
[Round "8.55"]
[White "Fodor,T jr"]
[Black "Plotkin,V"]
[Result "1-0"]
[WhiteElo "2500"]
[BlackElo "2291"]

1.d4 d5 2.c4 dxc4 3.e4 e5 4.Nf3 exd4 5.Bxc4 Nc6 6.O-O Be6 7.Bb5 Bc5 8.b4 Bb6
9.a4 a5 10.bxa5 Rxa5 11.Nbd2 Ne7 12.Ng5 O-O 13.Qh5 h6 14.Nxe6 fxe6 15.Nc4 Qe8
16.Qh3 Qg6 17.Ba3 Rf7 18.Rae1 Ra8 19.f4 Ba7 20.Kh1 Rd8 21.Nb2 Rf6 22.Bc4 Kh8
23.e5 Rf5 24.g4 Rff8 25.Bd3 Qf7 26.f5 exf5 27.gxf5 Kg8 28.f6 gxf6 29.e6  1-0

[Event "Moscow Open B 2016"]
[Site "Moscow RUS"]
[Date "2016.02.03"]
[Round "5.4"]
[White "Mirzoeva,E"]
[Black "Khokhlova,Daria"]
[Result "1-0"]
[WhiteElo "2361"]
[BlackElo "2183"]

1.d4 d5 2.c4 dxc4 3.e4 c5 4.Nf3 cxd4 5.Qxd4 Qxd4 6.Nxd4 Bd7 7.Bxc4 Nc6 8.Nxc6 Bxc6
9.Nc3 e5 10.Nb5 Bb4+ 11.Ke2 Ke7 12.Be3 Bxb5 13.Bxb5 a6 14.Ba4 Nf6 15.a3 Bd6
16.f3 Rac8 17.Rhd1 h6 18.b4 Rhd8 19.Bb6 Rh8 20.Rd3 Ke6 21.Rad1 Bc7 22.Bc5 Nh5
23.g3 Rcd8 24.Bb3+ Kf6 25.Rd7 Rxd7 26.Rxd7 Rc8 27.Bxf7 g6 28.Bd5  1-0

[Event "21st HIT Open 2016"]
[Site "Nova Gorica SLO"]
[Date "2016.02.03"]
[Round "8.5"]
[White "Papadakis,M"]
[Black "Drazic,S"]
[Result "0-1"]
[WhiteElo "2266"]
[BlackElo "2425"]

1.d4 d5 2.c4 dxc4 3.e4 e5 4.Nf3 exd4 5.Bxc4 Bb4+ 6.Nbd2 Nc6 7.O-O Ba5 8.a3 Bb6
9.b4 Be6 10.Bb2 Nf6 11.e5 Nd5 12.b5 Na5 13.Nxd4 Bxd4 14.Bxd4 Nxc4 15.Nxc4 Nf4  0-1

[Event "Moscow Open B 2016"]
[Site "Moscow RUS"]
[Date "2016.02.05"]
[Round "7.13"]
[White "Iljushina,O"]
[Black "Balajayeva,Khanim"]
[Result "0-1"]
[WhiteElo "2255"]
[BlackElo "2151"]

1.d4 d5 2.c4 dxc4 3.e4 e5 4.Nf3 exd4 5.Bxc4 Bb4+ 6.Nbd2 Nc6 7.O-O Bg4 8.Qb3 Qd7
9.Bb5 Bd6 10.Nxd4 Bxh2+ 11.Kxh2 Qxd4 12.Nf3 Bxf3 13.Bxc6+ bxc6 14.Qxf3 Nf6
15.Rd1 Qe5+ 16.Qf4 Qh5+ 17.Kg3 Qxd1 18.Qe5+ Kf8 19.Qxc7 Nxe4+ 20.Kf4 Qd6+
21.Qxd6+ Nxd6 22.b3 f6 23.Ba3 Rd8 24.Rc1 Kf7 25.Rxc6 g5+ 26.Kf3 Nb5 27.Bb2 Nd4+
28.Bxd4 Rxd4 29.Rc7+ Kg6 30.Rxa7 Re8 31.g3 Rd3+ 32.Kg2 Re2 33.b4 Rdd2 34.a4 Rxf2+
35.Kg1 Rfe2 36.Kf1 Rh2 37.Kg1 Rdg2+ 38.Kf1 Ra2 39.Kg1 Rhb2  0-1

[Event "Moscow Open B 2016"]
[Site "Moscow RUS"]
[Date "2016.02.07"]
[Round "9.35"]
[White "Aseeva,A"]
[Black "Lazhevskaya,Z"]
[Result "0-1"]
[WhiteElo "1972"]
[BlackElo "2076"]

1.d4 d5 2.c4 dxc4 3.e4 e5 4.d5 Nf6 5.Qa4+ c6 6.dxc6 Nxc6 7.Bxc4 Qd4 8.Ne2 Bb4+
9.Nbc3 Qxc4 10.O-O Be6 11.Nb5 O-O 12.Nc7 Qxe2 13.Nxa8 Rxa8 14.a3 Bc5 15.Bg5 Nxe4
16.Bh4 Qg4 17.Bg3 Nd4 18.Kh1 Ne2 19.Qc2 N4xg3+ 20.fxg3 Nxg3+  0-1

[Event "32nd Cappelle Open 2016"]
[Site "Cappelle la Grande FRA"]
[Date "2016.02.15"]
[Round "4.34"]
[White "Lalic,B"]
[Black "Certek,P"]
[Result "1-0"]
[WhiteElo "2429"]
[BlackElo "2294"]

1.d4 d5 2.c4 dxc4 3.e4 e5 4.Nf3 exd4 5.Bxc4 Nc6 6.O-O Bc5 7.Ng5 Nh6 8.Qh5 Bg4
9.Bxf7+ Kf8 10.Ne6+ Bxe6 11.Bxe6 Qe7 12.Bxh6 gxh6 13.Qxh6+ Ke8 14.Nd2 Kd8
15.Nf3 Rf8 16.Bd5 Rf6 17.Qh5 Nb4 18.Rad1 c6 19.Bb3 Kc7 20.Nxd4 Kb6 21.a3 Na6
22.Bc2 Qf7 23.Qxf7 Rxf7 24.Nf5 Nc7 25.g3 h5 26.Rd3 a5 27.Rfd1 Rf6 28.Rb3+ Ka7
29.Rd7 Bb6 30.Kg2 Re8 31.Rf3 Re5 32.Nd6 Rxf3 33.Kxf3 Nb5 34.Rxb7+ Ka6 35.Rxb6+  1-0

[Event "32nd Cappelle Open 2016"]
[Site "Cappelle la Grande FRA"]
[Date "2016.02.16"]
[Round "5.8"]
[White "Sasikiran,K"]
[Black "Lalic,B"]
[Result "1-0"]
[WhiteElo "2632"]
[BlackElo "2429"]

1.d4 d5 2.c4 dxc4 3.e4 Nc6 4.Nf3 Bg4 5.d5 Ne5 6.Bf4 Ng6 7.Be3 Nf6 8.Nc3 e5
9.Bxc4 Nh4 10.Rg1 a6 11.Be2 Bxf3 12.Bxf3 Nxf3+ 13.gxf3 g6 14.Qb3 Qc8 15.Rc1 Bd6
16.Na4 Nd7 17.Nc5 b6 18.Nxd7 Qxd7 19.Bg5 f5 20.Bh6 Qb5 21.Rc6 Qxb3 22.axb3 fxe4
23.fxe4 Kd7 24.Rg3 a5 25.Rf3 Rhe8 26.Kd2 a4 27.Kc2 a3 28.bxa3 Rxa3 29.Bg5 Ra2+
30.Kd3 Rea8 31.Rf7+ Ke8 32.Rcxc7 Bxc7 33.Rxc7 Rxf2 34.d6 Rd8 35.Re7+ Kf8
36.Bh6+ Kg8 37.d7 Rxd7+ 38.Rxd7 Rxh2 39.Bg5 Rb2 40.Kc4 b5+ 41.Kd5 Rxb3 42.Kxe5 Rc3
43.Bh6 Rh3 44.Kf6  1-0

[Event "Graz Open A 2016"]
[Site "Graz AUT"]
[Date "2016.02.16"]
[Round "6.29"]
[White "Bao,Q"]
[Black "Plenca,Jadranko"]
[Result "1/2-1/2"]
[WhiteElo "2218"]
[BlackElo "2360"]

1.d4 d5 2.c4 dxc4 3.e4 e5 4.Nf3 Bb4+ 5.Bd2 Bxd2+ 6.Nbxd2 exd4 7.Bxc4 Qf6
8.O-O Ne7 9.Nb3 Nbc6 10.Nfxd4 O-O 11.Nxc6 Nxc6 12.Qc2 Ne5 13.Be2 Bd7 14.f4 Qb6+
15.Kh1 Nc6 16.Rad1 Rad8 17.Nc5 Bc8 18.Qc3 Qb4 19.a3 Qxc3 20.bxc3 Rxd1 21.Rxd1 Rd8
22.Rxd8+ Nxd8 23.Kg1 b6 24.Nb3 Bb7 25.Bd3 Ne6 26.g3 Kf8 27.Kf2 Ke7 28.Ke3 h6
29.f5 Nd8 30.e5 c5  1/2-1/2

[Event "Nebesna sotnya Mem Blitz"]
[Site "Lutsk UKR"]
[Date "2016.02.19"]
[Round "17.5"]
[White "Omelja,A"]
[Black "Borisenko,V"]
[Result "1/2-1/2"]
[WhiteElo "2288"]
[BlackElo "2284"]

1.d4 d5 2.c4 dxc4 3.e4 Nf6 4.e5 Nd5 5.Bxc4 Nb6 6.Bb3 Nc6 7.Be3 Bf5 8.Ne2 e6
9.Nbc3 Be7 10.O-O Qd7 11.Rc1 O-O 12.Na4 Rfd8 13.Nc5 Qc8 14.Qe1 a6 15.Qc3 Nd5
16.Bxd5 Rxd5 17.Nxb7 Qxb7 18.Qxc6 Rb8 19.Qxc7 Qxb2 20.Qxe7 Qxe2 21.h3 h6
22.Rc7 Bg6 23.a4 Qa2 24.Rfc1 Qxa4 25.Rc8+ Rxc8 26.Rxc8+ Kh7 27.Qf8 Be4 28.Qxf7 Qd7
29.Qf8 Rb5 30.Rd8 Qc7 31.Rd6 Qb7 32.f3 Bf5 33.d5 Rxd5 34.Kh2 a5 35.Qd8 a4
36.Rxd5 Qxd5 37.Qxd5 exd5 38.Bd4 a3 39.g4 Bd7 40.f4 g6 41.Kg3 Kg8 42.h4 Kf7
43.h5 gxh5 44.f5 hxg4 45.e6+ Bxe6 46.fxe6+ Kxe6 47.Kxg4 h5+ 48.Kg5 h4 49.Kg4 h3
50.Kxh3 Kf5 51.Kg3 Ke4 52.Ba1 Ke3 53.Kg2 Ke2 54.Kg3 Ke3 55.Kg2 Ke2 56.Kg3 Ke3
57.Kg2 Ke2 58.Kg3 Ke3 59.Kg2 d4 60.Kf1 Kd3 61.Ke1 Ke3 62.Kd1 Kd3 63.Kc1 Ke3
64.Bxd4+ Kxd4 65.Kb1 a2+ 66.Kxa2  1/2-1/2

[Event "Hotel Sajam 13 IM 2016"]
[Site "Novi Sad SRB"]
[Date "2016.02.19"]
[Round "10.4"]
[White "Lajthajm,B"]
[Black "Marholev,D"]
[Result "1-0"]
[WhiteElo "2435"]
[BlackElo "2239"]

1.d4 d5 2.c4 dxc4 3.e4 Nc6 4.Nf3 Bg4 5.Bxc4 e6 6.Be3 Nf6 7.Nc3 Bxf3 8.gxf3 Bb4
9.Rg1 g6 10.Qb3 Bxc3+ 11.Qxc3 Qe7 12.Bb5 O-O 13.d5 exd5 14.Bxc6 bxc6 15.Bg5 dxe4
16.Qxf6  1-0

[Event "TCh-CAT Gp2 2016"]
[Site "Barcelona ESP"]
[Date "2016.02.20"]
[Round "5.1"]
[White "Dominguez Pons,E"]
[Black "Ballester Llagaria,L"]
[Result "1/2-1/2"]
[WhiteElo "2363"]
[BlackElo "2254"]

1.d4 d5 2.c4 dxc4 3.e4 Nf6 4.e5 Nd5 5.Bxc4 Nb6 6.Bb3 Nc6 7.Nf3 Bg4 8.Bxf7+ Kxf7
9.Ng5+ Ke8 10.Qxg4 Qxd4 11.Qxd4 Nxd4 12.Na3 e6 13.Be3 Bb4+ 14.Kf1 h6 15.Bxd4 hxg5
16.Nc2 Be7 17.b3 Rd8 18.Ke2 Kf7 19.Bxb6 axb6 20.Ne3 Rh4 21.f3 Rhd4 22.Rad1 Bc5
23.Rxd4 Rxd4 24.Ng4 Kg6 25.h4 gxh4 26.Rxh4 Bb4 27.Ke3 Bc5 28.Ke2 Bb4 29.Ke3 Bc5
30.Ke2  1/2-1/2

[Event "8th Batavia GM 2016"]
[Site "Amsterdam NED"]
[Date "2016.02.21"]
[Round "3.4"]
[White "Brunello,S"]
[Black "Haast,A"]
[Result "1-0"]
[WhiteElo "2562"]
[BlackElo "2381"]

1.d4 d5 2.c4 dxc4 3.e4 b5 4.a4 c6 5.axb5 cxb5 6.Nc3 a6 7.Nxb5 axb5 8.Rxa8 Bb7
9.Ra1 e6 10.Ne2 Bxe4 11.Nc3 Bc6 12.Be2 b4 13.Nb1 Bxg2 14.Rg1 Bd5 15.Nd2 Nh6
16.Nxc4 Nf5 17.Ne3 Nxe3 18.Bxe3 b3 19.Bb5+ Nd7 20.Qc1 Qb8 21.Bc6 Bb4+ 22.Kf1 O-O
23.Bxd5 exd5 24.Qc6 Nf6 25.Bh6 Nh5 26.Qxd5 Qxh2 27.Qxb3 Re8 28.Qf3 g6 29.Rh1 Qd6
30.Rxh5 gxh5 31.Ra8 Qxh6 32.Rxe8+ Bf8 33.b4 h4 34.Qg4+ Kh8 35.Qc8 Kg8 36.b5  1-0

[Event "Hotel Sajam 16 Open 2016"]
[Site "Novi Sad SRB"]
[Date "2016.02.22"]
[Round "2.4"]
[White "Lajthajm,B"]
[Black "Marholev,D"]
[Result "1/2-1/2"]
[WhiteElo "2435"]
[BlackElo "2239"]

1.d4 d5 2.c4 dxc4 3.e4 Nc6 4.Nf3 Bg4 5.Bxc4 e6 6.Be3 Bxf3 7.gxf3 Qf6 8.Nc3 O-O-O
9.Qa4 Bb4 10.Be2 Nxd4 11.Qxa7 Nc2+ 12.Kf1 Nxa1 13.Qa8+ Kd7 14.Qa4+ Kc8 15.Qa8+  1/2-1/2

[Event "TCh-AUT 2nd Mitte 2015-16"]
[Site "Austria AUT"]
[Date "2016.02.28"]
[Round "8.5"]
[White "Tomazini,A"]
[Black "Teuschler,Barbara"]
[Result "1-0"]
[WhiteElo "2338"]
[BlackElo "2176"]

1.d4 d5 2.c4 dxc4 3.e4 e5 4.Nf3 exd4 5.Bxc4 Nc6 6.O-O Be6 7.Bxe6 fxe6 8.Qb3 Qd7
9.Qxb7 Rb8 10.Qa6 Bd6 11.b3 Nf6 12.Nbd2 O-O 13.Bb2 Rb6 14.Qe2 Bf4 15.Rfd1 Rbb8
16.Nc4 e5 17.Bc1 Nh5 18.g3 Qh3 19.Bxf4 Nxf4 20.gxf4 Qg4+ 21.Kh1 Rxf4 22.Ng1 Qxe2
23.Nxe2 Rxf2 24.Ng3 a5 25.Kg1 Rf4 26.Nb2 Nb4 27.Nd3 Nxd3 28.Rxd3 h5 29.Nxh5 Rxe4
30.Rg3 Re2 31.Rf1 Kh8 32.Rf7 e4 33.Nf4 Re3 34.Rgxg7 Rb6 35.Ng6+ Rxg6+ 36.Rxg6 d3
37.Ra6 Re1+ 38.Kf2 Re2+ 39.Kf1  1-0

[Event "IMSA Blitz 2016"]
[Site "Huai'an CHN"]
[Date "2016.03.01"]
[Round "30.5"]
[White "Navara,D"]
[Black "Ponomariov,R"]
[Result "1-0"]
[WhiteElo "2734"]
[BlackElo "2712"]

1.d4 d5 2.c4 dxc4 3.e4 b5 4.a4 c6 5.axb5 cxb5 6.Nc3 a6 7.Nxb5 axb5 8.Rxa8 Bb7
9.Ra2 e6 10.Ne2 Nf6 11.f3 Nc6 12.b3 Nb4 13.Rd2 Nd3+ 14.Rxd3 cxd3 15.Qxd3 Bb4+
16.Kf2 O-O 17.Qxb5 Qe7 18.Bg5 h6 19.Bxf6 gxf6 20.g3 Ra8 21.Bg2 Ra2 22.Rc1 Kg7
23.Rc4 Ba6 24.Qxb4 Rxe2+ 25.Kg1 Qa7 26.Rc1 Ra2 27.Qc5 Qd7 28.Bh3 Qd8 29.e5 f5
30.Qc3 Bb7 31.Bg2 Bd5 32.b4 Qa8 33.Qe3 Qa4 34.g4 fxg4 35.Qf4 gxf3 36.Qf6+  1-0

[Event "IMSA Blitz w 2016"]
[Site "Huai'an CHN"]
[Date "2016.03.01"]
[Round "30.4"]
[White "Zhao Xue"]
[Black "Huang Qian"]
[Result "1-0"]
[WhiteElo "2506"]
[BlackElo "2450"]

1.d4 d5 2.c4 dxc4 3.e4 Nf6 4.e5 Nd5 5.Bxc4 Be6 6.Qb3 b6 7.Nc3 c6 8.Nf3 h6
9.O-O g6 10.Re1 Bg7 11.Nxd5 Bxd5 12.e6 f6 13.Nh4 Rg8 14.Qc2 f5 15.Nxg6 Bxc4
16.Qxc4 Qxd4 17.Qxd4 Bxd4 18.Nh4 Rf8 19.Bxh6 Rh8 20.Nxf5 Bxb2 21.Rad1 Bf6
22.Bg7 Bxg7 23.Nxg7+ Kf8 24.Nf5 Na6 25.Rd7 Rh7 26.Red1 Ke8 27.Nd6+ Kf8 28.Nf5 Ke8
29.Nd6+ Kf8 30.Nf5 Ke8 31.g4 Nc5 32.Rc7 Nxe6 33.Rxc6 Nf4 34.Rc4 Ng6 35.Re4 Kf7
36.Rde1 Rah8 37.Nxe7 Rxh2 38.Nxg6 Kxg6 39.R1e3 Kg5 40.Rd4 Rh1+ 41.Kg2 R8h2+
42.Kf3 Rh3+ 43.Ke2 Rxe3+ 44.Kxe3 Ra1 45.f3 Rxa2 46.Rd5+ Kf6 47.Kf4 Ra4+ 48.Kg3 a5
49.f4 Rb4 50.Rd6+ Ke7 51.Rh6 a4 52.g5 a3 53.Rh7+ Ke6 54.Ra7 Rb3+ 55.Kg4 b5
56.f5+ Ke5 57.f6 Rb4+ 58.Kh5 Rb1 59.Rxa3 Kf5 60.Rf3+ Ke4  1-0

[Event "IMSA Basque 2016"]
[Site "Huai'an CHN"]
[Date "2016.03.03"]
[Round "5.1"]
[White "Ding Liren"]
[Black "Ponomariov,R"]
[Result "1/2-1/2"]
[WhiteElo "2766"]
[BlackElo "2712"]

1.d4 d5 2.c4 dxc4 3.e4 b5 4.a4 c6 5.axb5 cxb5 6.Nc3 a6 7.Nxb5 axb5 8.Rxa8 Bb7
9.Ra2 e6 10.Ne2 Bxe4 11.b3 Nf6 12.bxc4 bxc4 13.Nc3 Bb4 14.Bd2 Bxc3 15.Bxc3 O-O
16.f3 Bd5 17.Be2 Nh5 18.g3 Nc6 19.O-O Qc7 20.Kf2 Ne7 21.Qa1 Nf5 22.Ra7 Qd8
23.Bb4 Re8 24.Qa4 Nxd4 25.Qd7 Qxd7 26.Rxd7 Nxe2 27.Kxe2 Nf6 28.Ra7 h6 29.Bc3 Rb8
30.Rc1 Rb3 31.Rc7 h5 32.h3 Bb7 33.Kf2 Nd5 34.Rxc4 Nxc3 35.R1xc3 Rxc3 36.Rxc3 Bd5
37.f4 Kh7 38.g4 hxg4 39.hxg4 Kg6 40.Ke3 Kf6 41.Kd4 Bg2 42.Rc5 Bf3 43.g5+ Kg6
44.Ke5 Bd5 45.Rc1  1/2-1/2

[Event "Aeroflot Open A 2016"]
[Site "Moscow RUS"]
[Date "2016.03.06"]
[Round "6.25"]
[White "Jumabayev,R"]
[Black "Igonin,Temur"]
[Result "1-0"]
[WhiteElo "2607"]
[BlackElo "2470"]

1.d4 d5 2.c4 dxc4 3.e4 Nf6 4.e5 Nd5 5.Bxc4 Nb6 6.Bb3 Nc6 7.Ne2 Bf5 8.Nbc3 e6
9.O-O Qd7 10.Be3 O-O-O 11.Rc1 Kb8 12.Na4 Nd5 13.Bg5 Rc8 14.Nac3 h6 15.Nxd5 exd5
16.Bf4 Nd8 17.Ba4 Qe6 18.Bg3 g5 19.f4 Be7 20.fxg5 hxg5 21.Nc3 c6 22.Nxd5 Bg4
23.Qb3 cxd5 24.Bd7 Qxd7 25.e6+ Qd6 26.Qa3 Nxe6 27.Bxd6+ Bxd6 28.Qxd6+ Ka8
29.Rxc8+ Rxc8 30.Rxf7  1-0

[Event "Aeroflot Open B 2016"]
[Site "Moscow RUS"]
[Date "2016.03.07"]
[Round "7.5"]
[White "Konovalov,N"]
[Black "Demidov,M"]
[Result "0-1"]
[WhiteElo "2437"]
[BlackElo "2490"]

1.d4 d5 2.c4 dxc4 3.e4 Nf6 4.e5 Nd5 5.Bxc4 Nb6 6.Bb3 Nc6 7.Be3 Bf5 8.Ne2 e6
9.Nbc3 Na5 10.d5 exd5 11.Bxb6 axb6 12.Bxd5 c6 13.Qa4 Qe7 14.Qf4 g6 15.O-O Bg7
16.Nd4 O-O 17.Nxf5 gxf5 18.Bf3 Qxe5 19.Qxe5 Bxe5 20.Rac1 Nc4 21.Rc2 Rfd8
22.Re1 Bf6 23.b3 Rd2 24.Rec1 Rxc2 25.Rxc2 Na3 26.Rc1 b5 27.Ne2 b4 28.g3 Nb5
29.Rc4 Be7 30.Nf4 Nd6 31.Rc2 Bf6 32.Ne2 Kf8 33.Kg2 Ra5 34.Nc1 Bc3 35.a4 bxa3
36.Rxc3 a2 37.Nxa2 Rxa2 38.Rd3 Ke7 39.Rd4 Rb2 40.b4 Rc2 41.Bd1 Rc4 42.Rxc4 Nxc4
43.Kf3 Nb6 44.Bb3 Kf6 45.g4 fxg4+ 46.Kxg4 Na8 47.Kh5 Kg7 48.b5 cxb5 49.Bd5 Nc7
50.Bxb7 b4 51.Kg4 b3  0-1

[Event "Aeroflot Open A 2016"]
[Site "Moscow RUS"]
[Date "2016.03.08"]
[Round "8.5"]
[White "Inarkiev,E"]
[Black "Kobalia,M"]
[Result "0-1"]
[WhiteElo "2677"]
[BlackElo "2632"]

1.d4 d5 2.c4 dxc4 3.e4 Nc6 4.Nf3 Bg4 5.d5 Ne5 6.Bf4 Ng6 7.Be3 Nf6 8.Nc3 e5
9.Bxc4 Nh4 10.Bg5 Nxf3+ 11.gxf3 Bd7 12.Qb3 Bc5 13.d6 cxd6 14.Bxf7+ Kf8 15.Bc4 b5
16.Be6 b4 17.Na4 Bd4 18.Bxd7 Qxd7 19.O-O-O Ke7 20.Rxd4 exd4 21.Qxb4 Rab8
22.Qxd4 Qb5 23.Rg1 Rhc8+ 24.Kb1 Rc4 25.Bxf6+ Ke6 26.Qd2 gxf6 27.Nc3 Rd4 28.Qc1 Qd3+
29.Ka1 Qd2 30.Nd5 Qxc1+ 31.Rxc1 Rd2 32.b3 Rg8 33.Rf1 f5 34.Kb1 Rf8 35.Nc3 Rd3
36.Kc2 Rxf3 37.Nb5 Rf4 38.Nd4+ Kd7 39.Nxf5 Rxe4 40.Ng3 Ref4 41.Nh1 h5 42.Kd2 h4
43.Rg1 Re8 44.Rf1 Kc6 45.f3 Kd5 46.h3 a5 47.Kc2 Kc6 48.Kd2 Kb5 49.a3 d5 50.Rf2 Rd4+
51.Kc2 Rc8+ 52.Kb2 Rd1 53.Rh2 Rd3 54.f4 a4  0-1

[Event "Romanian Open 2016"]
[Site "Alba Iulia ROU"]
[Date "2016.03.23"]
[Round "9.14"]
[White "Miron,I"]
[Black "Patrascu,Catalin-Lucian"]
[Result "0-1"]
[WhiteElo "2077"]
[BlackElo "2234"]

1.d4 d5 2.c4 dxc4 3.e4 Nf6 4.e5 Nd5 5.Bxc4 Nb6 6.Bb3 Nc6 7.Nf3 Bg4 8.Bxf7+ Kxf7
9.Ng5+ Ke8 10.Qxg4 Qxd4 11.Qe2 Qxe5 12.Be3 Nd5 13.Nf3 Qh5 14.O-O g6 15.Bg5 h6
16.Bh4 Bg7 17.Re1 g5 18.Qb5 Nb6 19.Bg3 a6 20.Qe2 g4 21.Ne5 Nxe5 22.Bxe5 Bxe5
23.Qxe5 Qxe5 24.Rxe5 Nd7 25.Re3 Nf6 26.Nc3 Rd8 27.Rae1 Rh7 28.b3 Rd2 29.g3 Rf7
30.a4 Rb2 31.Nd1 Rb1 32.Kf1 c6 33.Rd3 h5 34.Re5 Nd5 35.Ke2 Rf3 36.Rd4 Rbxb3
37.Rxh5 Nf6 38.Re5 Ra3 39.Rb4 b5 40.Nb2 a5 41.Rd4 Rfb3 42.Nd3 Ra2+ 43.Ke3 Nd5+
44.Ke4 Rxa4 45.Rxa4 bxa4 46.Kd4 a3 47.Re2 a2 48.Rxa2 Rxd3+ 49.Ke5 Rf3 50.Rxa5 Rxf2
51.Ra4 Nf6 52.Ra8+ Kf7 53.Rh8 c5 54.h3 gxh3 55.Rxh3 Re2+ 56.Kf4 c4 57.Rh1 c3
58.Rc1 c2 59.Kf3 Rh2 60.Ke3 Nd5+  0-1

[Event "43rd La Roda Open 2016"]
[Site "La Roda ESP"]
[Date "2016.03.23"]
[Round "1.10"]
[White "Greenfeld,A"]
[Black "Belinchon Calleja,David"]
[Result "1-0"]
[WhiteElo "2537"]
[BlackElo "1986"]

1.d4 d5 2.c4 dxc4 3.e4 e5 4.Nf3 Bb4+ 5.Nc3 exd4 6.Nxd4 Ne7 7.Bf4 a6 8.Bxc4 O-O
9.O-O b5 10.Be2 c5 11.Nc2 Bxc3 12.bxc3 Bb7 13.f3 Nbc6 14.a4 b4 15.cxb4 cxb4
16.a5 b3 17.Ne3 Nd4 18.Bc4 Ng6 19.Bg3 b2 20.Ra2 Rc8 21.Rxb2 Qd7 22.Rxb7 Qxb7
23.Qxd4  1-0

[Event "62nd ch-WLS 2016"]
[Site "Cardiff WLS"]
[Date "2016.03.25"]
[Round "1.3"]
[White "Fathallah,J"]
[Black "Sands,D"]
[Result "1/2-1/2"]
[WhiteElo "1969"]
[BlackElo "2142"]

1.d4 d5 2.c4 dxc4 3.e4 Nc6 4.Be3 Nf6 5.f3 e5 6.d5 Ne7 7.Nc3 Ng6 8.Qa4+ Bd7
9.Qxc4 a6 10.Nge2 Bd6 11.g3 O-O 12.Bg2 c6 13.dxc6 Bxc6 14.O-O Qe7 15.Rfd1 Rfc8
16.Qb3 Bc5 17.Bxc5 Qxc5+ 18.Kf1 Rd8 19.Rxd8+ Rxd8 20.Rd1 Rxd1+ 21.Qxd1 Bd7
22.Qd2 h6  1/2-1/2

[Event "CCCSA GM 2016"]
[Site "Charlotte USA"]
[Date "2016.03.25"]
[Round "4.4"]
[White "Ringoir,T"]
[Black "Korley,K"]
[Result "1/2-1/2"]
[WhiteElo "2473"]
[BlackElo "2412"]

1.d4 d5 2.c4 dxc4 3.e4 Nc6 4.Nf3 Bg4 5.d5 Ne5 6.Bf4 Ng6 7.Bg3 e5 8.Bxc4 a6
9.h3 Bxf3 10.Qxf3 Bd6 11.O-O Nh6 12.Nd2 O-O 13.Bd3 b5 14.Rac1 Qd7 15.Nb3 f5
16.exf5 Nxf5 17.Bxf5 Qxf5 18.Qxf5  1/2-1/2

[Event "74th ch-Urals 2016"]
[Site "Khanty-Mansiysk RUS"]
[Date "2016.03.25"]
[Round "3.14"]
[White "Chumak,Dmitrii"]
[Black "Lipatov,Vladislav"]
[Result "0-1"]
[WhiteElo "1775"]
[BlackElo "2174"]

1.d4 d5 2.c4 dxc4 3.e4 e6 4.Bxc4 a6 5.Nf3 Nf6 6.Bg5 Be7 7.Nbd2 b5 8.Bb3 Bb7
9.e5 Nd5 10.Bxd5 Bxd5 11.Bxe7 Qxe7 12.O-O O-O 13.Qc2 Rd8 14.Rfd1 Nc6 15.a3 Rac8
16.Rac1 Na5 17.Qc3 Nb7 18.b4 Rd7 19.h3 a5 20.Nb3 axb4 21.axb4 Rdd8 22.Nc5 c6
23.Nd2 Ra8 24.Ra1 Nxc5 25.dxc5 h5 26.Nb3 Qg5 27.f3 Bxb3 28.Qxb3 Qxe5 29.Rxa8 Rxa8
30.Rd6 Ra1+ 31.Kf2 Qe1+  0-1

[Event "Fagernes GM Open 2016"]
[Site "Fagernes NOR"]
[Date "2016.03.26"]
[Round "8.5"]
[White "Vovk,Y"]
[Black "Christiansen,Johan-Sebastian"]
[Result "0-1"]
[WhiteElo "2611"]
[BlackElo "2401"]

1.d4 d5 2.c4 dxc4 3.e4 Nf6 4.e5 Nd5 5.Bxc4 Nb6 6.Bd3 Nc6 7.Be3 Nb4 8.Be4 f5
9.exf6 exf6 10.Ne2 f5 11.Bf3 N4d5 12.Nbc3 Nxe3 13.fxe3 Bd6 14.O-O O-O 15.Qd3 c6
16.e4 Kh8 17.Rad1 Be6 18.e5 Be7 19.b3 Qd7 20.g3 Rad8 21.Qe3 Bb4 22.Bg2 Qe7
23.h4 a5 24.Kh2 a4 25.bxa4 Ra8 26.Nf4 Bc4 27.Rf2 Bxc3 28.Qxc3 Rxa4 29.Rb2 Nd5
30.Qc2 b5 31.Bxd5 cxd5 32.Re1 Ra3 33.e6 g6 34.Qg2 Kg8 35.Re5 Rfa8 36.Rxd5 Bxd5
37.Qxd5 Rd8 38.Qe5 Qg7 39.Qxb5 Re3 40.d5 Qd4 41.Re2 Qe5 42.Rxe3 Qxe3 43.Qb7 Rf8
44.Qb2 Rc8 45.d6 Qe4 46.Ng2 Rc2 47.Qb8+ Kg7 48.Qa7+ Kh6 49.Qg1 Qxe6 50.Qd1 Qe2
51.Qg1 Rxa2  0-1

[Event "Fagernes GM Open 2016"]
[Site "Fagernes NOR"]
[Date "2016.03.26"]
[Round "8.14"]
[White "Machlik,Edit"]
[Black "Darnell,Anton"]
[Result "1-0"]
[WhiteElo "2056"]
[BlackElo "2110"]

1.d4 d5 2.c4 dxc4 3.e4 b5 4.a4 c6 5.Nc3 a6 6.axb5 cxb5 7.Nxb5 axb5 8.Rxa8 Bb7
9.Ra1 e6 10.Nf3 Nf6 11.Be2 Nxe4 12.O-O Nc6 13.Be3 Qd5 14.Qb1 f5 15.Rd1 Bd6
16.Qc1 O-O 17.Bf4 Be7 18.Bf1 Bf6 19.Be5 g5 20.Bxf6 Rxf6 21.Ne5 Nxd4 22.Qe3 Qxe5
23.Rxd4 Rh6 24.Rd8+ Kf7 25.h3 f4 26.Qb6 Nc5 27.Ra7 g4 28.Rxb7+ Nxb7 29.Qxb7+ Kf6
30.Rf8+ Kg5 31.Qe7+ Kh5 32.hxg4+ Kxg4 33.Rg8+ Rg6 34.Qxh7 Rxg8 35.Qxg8+ Kf5
36.Qh7+ Kg5 37.Qg8+ Kf5 38.Qh7+ Kg5 39.Qc2 Qd5 40.Be2 e5 41.Bf3 Qd4 42.Qc3 Qd6
43.b3 cxb3 44.Qxb3 b4 45.Qd5 Qb8 46.Qb7 Qf8 47.Qd5 Qb8 48.Qb7 Qf8 49.Be4 Kf6
50.Qb6+ Kf7 51.Qb7+ Ke6 52.Qc6+ Kf7 53.Qd7+ Qe7 54.Qxe7+ Kxe7 55.g4 fxg3
56.fxg3 Kf6 57.Kg2 Kg5 58.Kf3 b3 59.Bb1 b2 60.Bc2 Kh5 61.g4+ Kh6 62.Kg3 Kg5
63.Bb1 Kf6 64.Kh4 Ke6 65.Kg5 Kd5 66.Kf5  1-0